Obálka Náhled e-knihy:
Epub
Pro půjčování e-knih musíte být přihlášeni.
Jak si půjčit online?

Kámen a bolest /

Kámen a bolest je český historický román, který napsal Karel Schulz a který byl vydán roku 1942. Kniha popisuje život slavného italského sochaře, malíře a architekta Michelangela Buonarrotiho a také bouřlivou politickou a náboženskou atmosféru přelomu 15. a 16. století. Intriky mocných šlechtických...

Celý popis

Uloženo v:
Hlavní autor: Schulz, Karel (Autor)
Médium: E-kniha
Jazyk:Czech
Vydáno: Praha : Artis, 2021
Tagy:
Žádné tagy
LEADER 01416nam a22002297i 4500
001 311381
007 ta
008 260601s2021 xr ||||| |||| 00| 0 cze d
020 |a 9990003332127 
044 |a xr 
100 1 |a  Schulz, Karel  |4 aut 
245 1 0 |a Kámen a bolest /  |c  Schulz, Karel 
264 1 |a Praha :  |b Artis,  |c 2021 
300 |a 1 online zdroj (590 stran) 
336 |a text  |b txt  |2 rdacontent 
337 |a bez média  |b n  |2 rdamedia 
338 |a online zdroj  |b cr  |2 rdacarrier 
520 2 |a Kámen a bolest je český historický román, který napsal Karel Schulz a který byl vydán roku 1942. Kniha popisuje život slavného italského sochaře, malíře a architekta Michelangela Buonarrotiho a také bouřlivou politickou a náboženskou atmosféru přelomu 15. a 16. století. Intriky mocných šlechtických rodů, "mafie" papežského stolce, fanatický mnich Savonarola, pragmatik Machiavelli ... a plejáda dalších a dalších, těch nejvěhlasnějších historických jmen zasazených do kontextu své doby, 
910 |a RBIT002 
998 |d 333212  |a https://core.palmknihy.cz/api/books/333212/cover?qx9d95  |b https://core.palmknihy.cz/api/books/333212/cover/400?qx9d95  |c https://core.palmknihy.cz/api/books/333212/cover/50?qx9d95  |e 2099-12-01  |g 590  |i 9990003332127  |j https://core.palmknihy.cz/api/books/333212/preview.epub  |l   |q 49  |r 1  |s https://www.palmknihy.cz/kniha/333212  |t ebook  |y 2021  |z 1 
999 |d 311379